Палеогеография и геодинамика Казахстана и сопредельных территорий; Геонауки в Казахстане: МГК-32

Detalles Bibliográficos
Parent link:Геонауки в Казахстане: МГК-32.— 2004.— С. 39-54
Outros autores: Ужкенов Б. С., Мазуров А. К. Алексей Карпович, Быкадоров В. А., Смирнов А. В., Федоренко О. А.
Idioma:ruso
Publicado: 2004
Subjects:
Formato: Capítulo de libro
KOHA link:https://koha.lib.tpu.ru/cgi-bin/koha/opac-detail.pl?biblionumber=216484

MARC

LEADER 00000naa2a2200000 4500
001 216484
005 20240823063159.0
035 |a (RuTPU)RU\TPU\book\236456 
035 |a RU\TPU\book\236455 
090 |a 216484 
100 |a 20120524d2004 k y0rusy50 ca 
101 0 |a rus 
102 |a RU 
200 1 |a Палеогеография и геодинамика Казахстана и сопредельных территорий  |f Б. С. Ужкенов [и др.] 
463 1 |0 (RuTPU)RU\TPU\book\76423  |y 9965-25-397-8  |t Геонауки в Казахстане: МГК-32  |o доклады XXXII сессии Международного геологического конгресса; Италия, 2004 г.  |f Академия минеральных ресурсов республики Казахстан; Комитет геологии и охраны недр республики Казахстан; под ред. Г. Р. Бекжанова; Б. С. Ужкенова  |v С. 39-54  |d 2004  |p 378 с. 
610 1 |a труды учёных ТПУ 
701 1 |a Ужкенов  |b Б. С. 
701 1 |a Мазуров  |b А. К.  |c горный инженер геолог  |c профессор-консультант Томского политехнического университета, доктор геолого-минералогических наук  |f 1951-  |g Алексей Карпович  |x TPU  |y Томск  |3 (RuTPU)RU\TPU\pers\26068  |9 11906 
701 1 |a Быкадоров  |b В. А. 
701 1 |a Смирнов  |b А. В. 
701 1 |a Федоренко  |b О. А. 
801 1 |a RU  |b 63413507  |c 20120524 
801 2 |a RU  |b 63413507  |c 20120524  |g RCR 
942 |c BK